[Event "Summer Server Series, S02068"]
[Site "CCLA"]
[Date "2020.08.28"]
[Round "?"]
[White "Zarges, Ron V."]
[Black "Strelecky, Rich"]
[Result "1/2-1/2"]
[WhiteElo "1786"]
[BlackElo "1714"]

1. e4 c5 2. Nf3 Nc6 3. d4 cxd4 4. Nxd4 Nf6 5. Nc3 a6 6. Nxc6 bxc6 7. e5 
Ng8 8. Bc4 e6 9. O-O Bb4 10. Ne4 Qc7 11. Bf4 Qb6 12. Be3 Qb8 13. Nd6+ Bxd6
14. exd6 Nf6 15. Qd4 O-O 16. Bh6 c5 17. Qe5 Ne8 18. Bf4 f6 19. Qxc5 Bb7 
20. Bb3 Kh8 21. Bxe6 g5 22. Bg3 Bxg2 23. Kxg2 dxe6 24. d7 Qb7+ 25. f3 Ng7 
26. Bc7 Nf5 27. d8=Q Raxd8 28. Bxd8 Rxd8 29. Qc3 e5 30. Rad1 Rc8 31. Qd3 
Qxb2 32. Rf2 Nh4+ 33. Kg1 Qxa2 34. Qd6 Qf7 35. Qxa6 Rc7 36. Qd6 Rc8 37. c4
Nf5 38. Qd7 Qxd7 39. Rxd7 Rxc4 40. Ra2 Rc8 41. Rf7 Nh4 42. Rxf6 Kg7 43. 
Rb6 Nxf3+ 44. Kg2 Nh4+ 45. Kg3 Rc7 46. Kg4 h6 47. Re6 Ng6 48. Raa6 Rc4+ 
49. Kg3 Rc3+ 50. Kf2 Rc2+ 51. Ke3 Nh4 52. Ra7+ Kf8 53. Rb6 Rc8 54. Ke4 Kg8
55. Rxh6 Rc2 56. Rh5 Re2+ 57. Kd3 Rg2 58. Rh6 Rxh2 59. Rc6 Rf2 60. Rcc7 
Rf4 61. Rg7+ Kf8 62. Rxg5 Nf5 63. Rh5 e4+ 64. Kd2 e3+ 65. Kd3 Kg8 66. Rg5+
Kf8 67. Rg6 Rd4+ 68. Kc3 Rd6 69. Rg5 Nd4 70. Rh5 Kg8 71. Ra8+ Kf7 72. Re5 
e2 73. Ra1 Kf6 74. Re3 Nb5+ 75. Kc4 Rd1 76. Ra6+ Nd6+ 77. Rxd6+ Rxd6 78. 
Rxe2 1/2-1/2

[Event "Summer Server Series, S02068"]
[Site "CCLA"]
[Date "2020.08.28"]
[Round "?"]
[White "Zarges, Ron V."]
[Black "Avery, Bryce"]
[Result "1/2-1/2"]
[WhiteElo "1786"]
[BlackElo "1662"]

1. e4 e6 2. d4 d5 3. Nd2 dxe4 4. Nxe4 Nd7 5. Nf3 Ngf6 6. Nxf6+ Nxf6 7. Bd3
b6 8. Qe2 Bb7 9. Bg5 Be7 10. O-O-O O-O 11. h4 a5 12. Kb1 a4 13. a3 Bxf3 
14. Qxf3 Qd5 15. Qxd5 Nxd5 16. Bxe7 Nxe7 17. c4 Ra5 18. g4 Rd8 19. Rd2 g6 
20. Be4 Rd6 21. Rhd1 f5 22. Bf3 Nc6 23. Bxc6 Rxc6 24. gxf5 exf5 25. Rc2 f4
26. Rh1 Rf6 27. d5 Rc5 28. f3 h6 29. Re1 Kg7 30. Ka2 g5 31. hxg5 hxg5 32. 
b4 axb3+ 33. Kxb3 Kg6 34. Re5 Rf5 35. Re6+ Rf6 36. Re5 1/2-1/2

[Event "Summer Server Series, S02070"]
[Site "CCLA"]
[Date "2020.08.28"]
[Round "?"]
[White "Catania, Duane"]
[Black "Kleine, Larry"]
[Result "1-0"]
[WhiteElo "1662"]
[BlackElo "1680"]

1. e4 e5 2. Nf3 Nc6 3. Bc4 Bc5 4. c3 Nf6 5. d3 O-O 6. Bb3 d5 7. exd5 Nxd5 
8. O-O Bg4 9. Bc2 Re8 10. Nbd2 Qd7 11. Ne4 Bb6 12. h3 Bh5 13. Ng3 Bg6 14. 
Nh4 Nce7 15. Nxg6 Nxg6 16. Qf3 c6 17. Ne4 Rad8 18. Bg5 f6 19. Bc1 Kh8 20. 
Bd2 f5 21. Ng3 f4 22. Ne4 Nh4 23. Qh5 Nf5 24. Kh2 g6 25. Qe2 Qe7 26. Qg4 
Nf6 27. Nxf6 Qxf6 28. g3 Nh6 29. Qe2 fxg3+ 30. fxg3 Qg7 31. Bg5 Rd7 32. 
Bf6 1-0

[Event "Summer Server Series, S02070"]
[Site "CCLA"]
[Date "2020.08.28"]
[Round "?"]
[White "Catania, Duane"]
[Black "Mann, Wallace"]
[Result "1/2-1/2"]
[WhiteElo "1662"]
[BlackElo "1647"]

1. e4 e5 2. Nf3 Nc6 3. Bc4 Nf6 4. Ng5 Bc5 5. d3 O-O 6. c3 h6 7. Nf3 d6 8. 
Bb3 Re8 9. O-O Bg4 10. Nbd2 d5 11. exd5 Nxd5 12. Ne4 Bb6 13. h3 Be6 14. 
Bc2 f5 15. Ng3 Qf6 16. Kh1 Rad8 17. Nh5 Qf7 18. Nh4 g6 19. Ng3 Kg7 20. Bb3
Nce7 21. Qc2 c6 22. Nf3 Bc7 23. Re1 Qf6 24. Bd2 Bc8 25. Rad1 Ng8 26. c4 
Nf4 27. Bc3 Kh7 28. d4 e4 29. d5 Qf8 30. Ng1 Ne7 31. N3e2 Nd3 32. Rf1 Bb6 
33. Nc1 Nc5 34. dxc6 Nxc6 35. a3 Nxb3 36. Nxb3 Rxd1 37. Qxd1 Rd8 38. Qe2 
Nd4 39. Nxd4 Bxd4 40. Bxd4 Rxd4 41. Rd1 Qd6 42. Rxd4 Qxd4 43. Qc2 f4 44. 
Qc3 Qxc3 45. bxc3 b6 46. Ne2 g5 47. Nd4 Kg7 48. Kg1 Kf6 49. Nc6 a5 50. c5 
bxc5 51. Nxa5 Ke6 52. Kf1 h5 53. Ke1 Kd5 54. Nb3 h4 55. Nd2 Bf5 56. a4 c4 
57. a5 Kc5 58. a6 Kb6 59. a7 Kxa7 60. Nxc4 Bg6 61. Nd2 Bf5 62. Kf1 Kb8 63.
 f3 e3 1/2-1/2

[Event "Summer Server Series, S02070"]
[Site "CCLA"]
[Date "2020.08.28"]
[Round "?"]
[White "Catania, Duane"]
[Black "Schoenwald, Ira"]
[Result "0-1"]
[WhiteElo "1662"]
[BlackElo "1506"]

1. e4 d6 2. Nf3 e5 3. Bc4 Be7 4. d4 Nf6 5. Nc3 Nbd7 6. O-O c6 7. Re1 h6 8.
 Bd3 b5 9. Ne2 O-O 10. Ng3 exd4 11. Nf5 Nc5 12. Nxe7+ Qxe7 13. Nxd4 Nxd3 
14. cxd3 Bd7 15. f4 Rfe8 16. Bd2 c5 17. Nf3 b4 18. Qc2 Bg4 19. e5 Nd5 20. 
exd6 Qxd6 21. Ne5 Bf5 22. Qa4 Be6 23. Rac1 f6 24. Nc4 Qc7 25. d4 Bd7 26. 
Qb3 Be6 27. Rxe6 Rxe6 28. Ne5 fxe5 29. Rxc5 Qb6 30. Rxd5 Kh8 31. fxe5 a5 
32. Be3 Rf8 33. Qd3 Rg6 34. Qb5 Rxg2+ 35. Kxg2 Qg6+ 36. Kh1 Qe4+ 0-1

[Event "Summer Server Series, S02070"]
[Site "CCLA"]
[Date "2020.08.28"]
[Round "?"]
[White "Kleine, Larry"]
[Black "Catania, Duane"]
[Result "1-0"]
[WhiteElo "1680"]
[BlackElo "1662"]

1. d4 e6 2. c4 b6 3. e4 Bb7 4. Nc3 Bb4 5. f3 f5 6. exf5 Nh6 7. fxe6 Nf5 8.
 Bf4 dxe6 9. Qa4+ Nc6 10. O-O-O Bxc3 11. bxc3 O-O 12. Nh3 Qe7 13. Bd3 Qf6 
14. Bxc7 Rf7 15. Bf4 h6 16. Rhe1 g5 17. Bxf5 exf5 18. Be5 Nxe5 19. dxe5 
Qc6 20. Qxc6 Bxc6 21. Rd6 Ba4 22. Rxh6 Rc7 23. Nxg5 Rxc4 24. Re3 Rac8 25. 
Kb2 b5 26. a3 a5 27. Rb6 b4 28. axb4 Be8 29. bxa5 Ra4 30. a6 Ra8 31. e6 
R4xa6 32. Rxa6 Rxa6 33. Rd3 Rb6+ 34. Kc1 1-0

[Event "Summer Server Series, S02070"]
[Site "CCLA"]
[Date "2020.08.28"]
[Round "?"]
[White "Kleine, Larry"]
[Black "Mann, Wallace"]
[Result "1-0"]
[WhiteElo "1680"]
[BlackElo "1647"]

1. d4 Nf6 2. c4 e6 3. Nf3 b6 4. e3 Bb7 5. Bd3 d5 6. cxd5 exd5 7. O-O Bd6 
8. b3 Qe7 9. Bb2 Nbd7 10. Nc3 a6 11. Rc1 O-O 12. Ne2 Ne4 13. Ng3 f5 14. 
Qe2 Rf6 15. Rc2 c6 16. Rfc1 b5 17. a4 Bb4 18. Ne5 bxa4 19. bxa4 Nxe5 20. 
dxe5 Rf7 21. Rxc6 Bxc6 22. Rxc6 a5 23. Qc2 g6 24. e6 Rf6 25. Bxf6 Nxf6 26.
 Ne2 Nd7 27. exd7 1-0

[Event "Summer Server Series, S02070"]
[Site "CCLA"]
[Date "2020.08.28"]
[Round "?"]
[White "Kleine, Larry"]
[Black "Schoenwald, Ira"]
[Result "1-0"]
[WhiteElo "1680"]
[BlackElo "1506"]

1. d4 Nf6 2. c4 g6 3. Nc3 Bg7 4. e4 d6 5. Nf3 Nbd7 6. Be2 e5 7. d5 a5 8. 
Bg5 h6 9. Bh4 Nc5 10. Nd2 O-O 11. O-O Bd7 12. b3 Qe8 13. a3 Nh7 14. b4 
axb4 15. axb4 Rxa1 16. Qxa1 Na6 17. Qa5 f5 18. f3 f4 19. c5 g5 20. Bf2 Qh5
21. c6 Bc8 22. cxb7 Bxb7 23. Bxa6 Bxa6 24. Qxa6 g4 25. fxg4 Qxg4 26. Qe2 
f3 27. Nxf3 Ng5 28. Nxg5 Qxe2 29. Nxe2 hxg5 30. Be3 Rb8 31. Rb1 Bf6 32. 
Kf2 Kf7 33. Kg3 Kg6 34. Kg4 Rh8 35. h3 Ra8 36. Ng1 Ra2 37. g3 Rg2 38. b5 
Bd8 39. Nf3 Re2 40. Re1 Rb2 41. Bxg5 Bxg5 42. Nxg5 Rxb5 43. Ne6 Rb7 44. h4
Kf6 45. h5 1-0

[Event "Summer Server Series, S02070"]
[Site "CCLA"]
[Date "2020.08.28"]
[Round "?"]
[White "Mann, Wallace"]
[Black "Catania, Duane"]
[Result "1-0"]
[WhiteElo "1647"]
[BlackElo "1662"]

1. e4 e6 2. b3 d5 3. Bb2 Nf6 4. e5 Nfd7 5. f4 c5 6. Qg4 Nc6 7. Nf3 a6 8. 
Be2 b5 9. a4 Bb7 10. axb5 axb5 11. O-O c4 12. Rxa8 Bxa8 13. d4 Ne7 14. Nh4
g6 15. Ba3 Nc6 16. f5 gxf5 17. Nxf5 b4 18. Ng7+ Bxg7 19. Qxg7 Rf8 20. Bh5 
Qe7 21. Bc1 Ndxe5 22. dxe5 Qc5+ 23. Kh1 Nd8 24. Bh6 cxb3 25. Qxf8+ Qxf8 
26. Bxf8 bxc2 27. Bxb4 1-0

[Event "Summer Server Series, S02070"]
[Site "CCLA"]
[Date "2020.08.28"]
[Round "?"]
[White "Mann, Wallace"]
[Black "Kleine, Larry"]
[Result "0-1"]
[WhiteElo "1647"]
[BlackElo "1680"]

1. e4 e5 2. Nf3 Nc6 3. Bb5 a6 4. Ba4 Nf6 5. O-O Be7 6. Re1 b5 7. Bb3 d6 8.
 c3 O-O 9. h3 Na5 10. Bc2 c5 11. d4 Nd7 12. Nbd2 exd4 13. cxd4 Nc6 14. d5 
Nce5 15. a4 Rb8 16. Nxe5 Nxe5 17. axb5 axb5 18. f4 Ng6 19. Nf3 Bh4 20. Rf1
Bg3 21. f5 Ne5 22. Ng5 Nd7 23. e5 Bxe5 24. Nxh7 Nf6 25. Nxf8 Kxf8 26. Qf3 
Bb7 27. Rd1 b4 28. Ra2 Qb6 29. Be3 b3 30. Bxb3 Qxb3 31. Raa1 Bxd5 0-1

[Event "Summer Server Series, S02070"]
[Site "CCLA"]
[Date "2020.08.28"]
[Round "?"]
[White "Mann, Wallace"]
[Black "Schoenwald, Ira"]
[Result "1-0"]
[WhiteElo "1647"]
[BlackElo "1506"]

1. e4 d6 2. d4 Nf6 3. Nc3 Nbd7 4. Nf3 e5 5. Bc4 Be7 6. O-O c6 7. a4 a5 8. 
Re1 h6 9. b3 Qc7 10. Bb2 O-O 11. h3 Re8 12. Qe2 exd4 13. Nxd4 Ne5 14. Bd3 
Nfd7 15. Kh1 Nxd3 16. Qxd3 Ne5 17. Qd2 Rd8 18. Qe3 Bd7 19. Rad1 Qc8 20. f4
Ng6 21. Rd2 Re8 22. Qf3 Rb8 23. Nde2 b5 24. axb5 cxb5 25. Nd5 Bf8 26. Ng3 
f5 27. Bd4 Qd8 28. Qf2 Be6 29. Bb6 Qh4 30. Bxa5 Bxd5 31. Rxd5 fxe4 32. Bd2
Rb7 33. Rh5 Qf6 34. Nxe4 Qf7 35. Qf3 Rbe7 36. Rxb5 d5 37. Rxd5 Rxe4 38. 
Rxe4 Qxd5 39. Rxe8 Qxd2 40. c4 Nxf4 41. Rxf8+ Kxf8 42. Qf1 Kg8 43. c5 Ne2 
44. Kh2 Nf4 45. Qc4+ Kh8 46. Qe4 Qf2 47. Qe8+ Kh7 48. Qe4+ Ng6 49. c6 Qf7 
50. b4 Qc7+ 51. Kh1 Qd6 52. Qc2 Qxb4 53. c7 Qe1+ 54. Kh2 Qe5+ 55. g3 h5 
56. c8=Q h4 57. Qg4 hxg3+ 58. Qxg3 1-0

[Event "Summer Server Series, S02070"]
[Site "CCLA"]
[Date "2020.08.28"]
[Round "?"]
[White "Schoenwald, Ira"]
[Black "Catania, Duane"]
[Result "1-0"]
[WhiteElo "1506"]
[BlackElo "1662"]

1. d4 e6 2. Nc3 d5 3. Bf4 Nf6 4. e3 Bb4 5. Ne2 O-O 6. a3 Ba5 7. b4 Bb6 8. 
Na4 Nbd7 9. Rc1 Ne4 10. f3 Nef6 11. Nec3 c6 12. Bd3 Bc7 13. Bg5 h6 14. Bh4
e5 15. O-O Re8 16. Ne2 e4 17. fxe4 dxe4 18. Bc4 b5 19. Bxf7+ Kxf7 20. Nc5 
Nxc5 21. bxc5 Bxh2+ 22. Kxh2 Qc7+ 23. Ng3 Re6 24. Qh5+ Kg8 25. Bxf6 Rxf6 
26. Rxf6 gxf6 27. Qe8+ Kg7 28. Rf1 f5 29. Rf4 Qf7 30. Nh5+ Kg6 31. Qxc6+ 
Kxh5 32. Qxa8 Be6 33. Qc6 Kg5 34. g4 h5 35. gxf5 1-0

[Event "Summer Server Series, S02070"]
[Site "CCLA"]
[Date "2020.08.28"]
[Round "?"]
[White "Schoenwald, Ira"]
[Black "Kleine, Larry"]
[Result "0-1"]
[WhiteElo "1506"]
[BlackElo "1680"]

1. d4 Nf6 2. Nf3 g6 3. e3 Bg7 4. Nbd2 O-O 5. Be2 d5 6. b3 c5 7. Bb2 cxd4 
8. exd4 Nc6 9. a3 Bf5 10. O-O Rc8 11. Rc1 Ne4 12. Nxe4 dxe4 13. Ne5 Nxe5 
14. dxe5 Qxd1 15. Rcxd1 Rxc2 0-1

[Event "Summer Server Series, S02070"]
[Site "CCLA"]
[Date "2020.08.28"]
[Round "?"]
[White "Schoenwald, Ira"]
[Black "Mann, Wallace"]
[Result "0-1"]
[WhiteElo "1506"]
[BlackElo "1647"]

1. d4 Nf6 2. Nf3 e6 3. e3 b6 4. Bd3 Bb7 5. Nbd2 c5 6. O-O Be7 7. b3 O-O 8.
 Bb2 Nc6 9. a3 Rc8 10. c4 cxd4 11. exd4 d5 12. Rc1 Re8 13. Re1 dxc4 14. 
Nxc4 Nd5 15. Qd2 Bf8 16. b4 Ncxb4 17. axb4 Bxb4 18. Qd1 Bxe1 19. Qxe1 Nf4 
20. Be4 Bd5 21. Nce5 h6 22. Qe3 Rxc1+ 23. Bxc1 g5 24. g3 Nh5 25. Ng4 f6 
26. Bg6 Ng7 27. Nxh6+ Kf8 28. Ba3+ Re7 29. Bxe7+ Qxe7 30. Qc3 Ne8 31. Nf7 
b5 32. Nd2 b4 33. Qc8 Kg7 34. Bh5 a5 35. Nc4 b3 36. Ncd6 b2 37. Qc2 Nxd6 
38. Nxd6 f5 39. Qxb2 Qxd6 40. Bd1 Qb4 41. Qe2 Qxd4 42. Bc2 Qa1+ 43. Qd1 
Qxd1+ 44. Bxd1 Bc6 45. Bb3 Kf6 46. Kf1 a4 47. Bxa4 Bxa4 48. Ke2 Ke5 49. 
Ke3 Bd1 50. f4+ gxf4+ 51. gxf4+ Kf6 52. Kf2 e5 53. Kg3 exf4+ 54. Kxf4 Bh5 
55. Kg3 Kg5 56. h4+ Kf6 57. Kf4 Bg4 58. Ke3 Ke5 0-1

[Event "Summer Server Series, S02071"]
[Site "CCLA"]
[Date "2020.08.28"]
[Round "?"]
[White "Towery, Bryan"]
[Black "Fisher Jr., Arthur"]
[Result "1-0"]
[WhiteElo "1601"]
[BlackElo "1594"]

1. d4 d5 2. c4 e6 3. Nf3 Nf6 4. Bg5 Be7 5. Nc3 c6 6. e3 Nbd7 7. c5 O-O 8. 
Bd3 b6 9. b4 bxc5 10. bxc5 Qc7 11. O-O e5 12. Qa4 e4 13. Bf4 Nxc5 14. dxc5
Qd8 15. Nxe4 dxe4 16. Bxe4 Bb7 17. Rfb1 Nxe4 18. Qxe4 Bf6 19. Bg5 Bxg5 20.
 Rxb7 Bf6 21. Rab1 Qd5 22. Qxd5 cxd5 23. c6 Bc3 24. c7 Ba5 25. R1b5 Bb6 
26. Rxd5 f6 27. Kf1 Rf7 28. Rb8+ Rf8 29. Rdd8 Rxd8 30. cxd8=Q+ Bxd8 31. 
Rxa8 Kf7 32. Rxd8 1-0

[Event "Summer Server Series, S02071"]
[Site "CCLA"]
[Date "2020.08.28"]
[Round "?"]
[White "Towery, Bryan"]
[Black "Greco, Tom"]
[Result "1-0"]
[WhiteElo "1601"]
[BlackElo "1610"]

1. e4 e5 2. Nf3 Nc6 3. d4 exd4 4. Nxd4 Bc5 5. Be3 Qf6 6. c3 Nge7 7. Bc4 
Ne5 8. Be2 Qg6 9. O-O d6 10. f3 O-O 11. Nd2 d5 12. N2b3 Bb6 13. Bf4 Qf6 
14. Bg3 c5 15. Nb5 c4+ 16. N3d4 a6 17. Na3 Bd7 18. exd5 Nxd5 19. Bxe5 Qxe5
20. Nxc4 Qf6 21. Nxb6 Qxb6 22. Qd2 Rfe8 23. Rfe1 Rac8 24. c4 Ne3 25. b3 
Nf5 26. Rad1 Re6 27. g4 Ne3 28. Nxe6 Nxd1+ 29. Nd4 1-0

[Event "Summer Server Series, S02071"]
[Site "CCLA"]
[Date "2020.08.28"]
[Round "?"]
[White "Towery, Bryan"]
[Black "Gunning, Edward E."]
[Result "0-1"]
[WhiteElo "1601"]
[BlackElo "1457"]

1. d4 d5 2. c4 Nf6 3. cxd5 Qxd5 4. Nc3 Qd8 5. e4 e6 6. Bg5 c6 7. a3 Be7 8.
 Nf3 b6 9. e5 Nd5 10. Bd2 O-O 11. Bd3 f5 12. O-O Nd7 13. Nxd5 cxd5 14. Rc1
Bb7 15. Qa4 a6 16. Rc3 b5 17. Qc2 Rc8 18. Rc1 Nb6 19. Rc7 Na8 20. Rxc8 
Qxc8 21. Bg5 Qd7 22. Bxe7 Qxe7 23. Kf1 Qd7 24. Qd2 Nb6 25. b3 Nc8 26. Qb4 
Ne7 27. Qd6 Qxd6 28. exd6 Nc6 29. Ng5 Rd8 30. Nxe6 Rxd6 31. Bxf5 Bc8 32. 
Nxg7 Kxg7 33. Bxc8 Nxd4 34. Rc3 a5 35. Rc7+ Kg6 36. Rc3 b4 37. axb4 axb4 
38. Rg3+ Kh6 39. Rd3 Nb5 40. Rh3+ Kg7 41. Rg3+ Kh8 42. Bf5 Nd4 43. Bd3 
Nxb3 44. Rh3 h6 45. Bf5 Nd4 46. Bd3 b3 47. Rh4 Nc2 48. Ke2 d4 49. Kd1 Nb4 
50. Bb1 Na2 51. Bg6 Rxg6 52. g3 b2 53. Kc2 Rb6 54. Kb1 Nc3+ 0-1

[Event "Summer Server Series, S02071"]
[Site "CCLA"]
[Date "2020.08.28"]
[Round "?"]
[White "Fisher Jr., Arthur"]
[Black "Towery, Bryan"]
[Result "1/2-1/2"]
[WhiteElo "1594"]
[BlackElo "1601"]

1. e4 c6 2. d4 d5 3. exd5 cxd5 4. Nf3 Nf6 5. Bd3 Nc6 6. O-O e6 7. Nbd2 h6 
8. c3 Bd6 9. Re1 Qc7 10. Nf1 O-O 11. h3 Nd7 12. Bd2 Nf6 13. Qc2 Bd7 14. 
Rac1 Nh5 15. Ne3 Nf4 16. Ng4 Nxd3 17. Qxd3 Qb6 18. b3 Qa5 19. Bxh6 f5 20. 
Bxg7 Kxg7 21. Nge5 Bxe5 22. dxe5 Qxa2 23. b4 Kg8 24. Ng5 Qc4 25. Qg3 f4 
26. Qh4 Qd3 27. b5 Nd8 28. Re4 Qxe4 29. Nxe4 dxe4 30. Qg5+ Kf7 31. Qxf4+ 
Ke8 32. Qxe4 Bxb5 33. Qg6+ Kd7 34. Rd1+ Kc7 35. Qh6 Rf7 36. Qe3 Rd7 37. 
Qc5+ Bc6 38. Rxd7+ Kxd7 39. Qd6+ Kc8 40. h4 a5 41. h5 b5 42. Qe7 Rb8 43. 
g4 b4 44. cxb4 Rxb4 45. f3 Bxf3 46. Qc5+ Bc6 47. Qxa5 Rxg4+ 48. Kf2 Rh4 
49. Qc5 Rxh5 50. Qd6 Bd5 51. Qc5+ Kd7 52. Qa7+ Ke8 53. Qg7 Nf7 54. Qg8+ 
Ke7 55. Qb8 Nxe5 56. Qa7+ Kf6 57. Qb8 Be4 1/2-1/2

[Event "Summer Server Series, S02071"]
[Site "CCLA"]
[Date "2020.08.28"]
[Round "?"]
[White "Fisher Jr., Arthur"]
[Black "Greco, Tom"]
[Result "1/2-1/2"]
[WhiteElo "1594"]
[BlackElo "1610"]

1. d4 d5 2. c4 e6 3. e3 Nf6 4. Nc3 Be7 5. Nf3 O-O 6. Bd3 dxc4 7. Bxc4 a6 
8. O-O b5 9. Bd3 Bb7 10. Ne5 Nbd7 11. a3 Nxe5 12. dxe5 Nd7 13. f4 Nc5 14. 
Bc2 Qxd1 15. Rxd1 Rfd8 16. Bd2 Nd7 17. Be1 Nb6 18. Bd3 c5 19. Be4 Bxe4 20.
 Nxe4 Nc4 21. Rxd8+ Rxd8 22. b4 Rd3 23. Nxc5 Rxa3 24. Rxa3 Nxa3 25. Nxa6 
g5 26. Kf2 g4 27. g3 Bd8 28. Ke2 Kf8 29. Nc5 Be7 30. Nd3 Nc4 31. Nf2 h5 
32. h3 gxh3 33. Nxh3 Kg7 34. Nf2 Kg6 35. Nd3 f6 36. exf6 Bxf6 37. Kf3 e5 
38. fxe5 Nxe5+ 39. Nxe5+ Bxe5 40. g4 hxg4+ 41. Kxg4 Kf6 42. Bg3 Bc3 43. 
Bd6 Ke6 44. Bc5 Ke5 45. Kf3 Be1 46. e4 1/2-1/2

[Event "Summer Server Series, S02071"]
[Site "CCLA"]
[Date "2020.08.28"]
[Round "?"]
[White "Fisher Jr., Arthur"]
[Black "Gunning, Edward E."]
[Result "1-0"]
[WhiteElo "1594"]
[BlackElo "1457"]

1. e4 c5 2. Nf3 Nc6 3. d4 e5 4. dxe5 a6 5. Nc3 d6 6. exd6 Bxd6 7. Be2 h6 
8. O-O Be6 9. Be3 Qa5 10. Qxd6 Rd8 11. Qg3 g6 12. a3 c4 13. Rad1 Rxd1 14. 
Rxd1 Nge7 15. Nd4 Kf8 16. Nxe6+ fxe6 17. Bxc4 e5 18. Qf3+ Nf5 19. exf5 Ne7
20. fxg6+ 1-0

[Event "Summer Server Series, S02071"]
[Site "CCLA"]
[Date "2020.08.28"]
[Round "?"]
[White "Greco, Tom"]
[Black "Towery, Bryan"]
[Result "0-1"]
[WhiteElo "1610"]
[BlackElo "1601"]

1. d4 Nf6 2. c4 e6 3. Nf3 Bb4+ 4. Nbd2 b6 5. a3 Bxd2+ 6. Qxd2 Bb7 7. e3 
O-O 8. Be2 d6 9. O-O Nbd7 10. b4 Qe7 11. Bb2 c5 12. Rfd1 Ne4 13. Qc2 f5 
14. dxc5 bxc5 15. Qb3 Rfb8 16. b5 Ndf6 17. h3 e5 18. a4 Rd8 19. Ra2 Rab8 
20. Ba1 Qe6 21. a5 a6 22. b6 Nd7 23. Nd2 Ng5 24. f4 Nxh3+ 25. Kh2 Qg6 26. 
g3 Qh6 27. Bf3 Nxf4+ 28. Kg1 Nh3+ 29. Kf1 e4 30. Bg2 Ng5 31. Qc3 d5 32. 
cxd5 Bxd5 33. Nb3 Ne5 34. Rad2 Nd3 35. Nc1 c4 36. Ne2 Nf3 37. Rc2 Nh2+ 38.
 Kg1 Ng4 39. Nf4 Qh2+ 40. Kf1 Nxe3+ 41. Ke2 Rd7 42. Kxe3 Qxg3+ 0-1

[Event "Summer Server Series, S02071"]
[Site "CCLA"]
[Date "2020.08.28"]
[Round "?"]
[White "Greco, Tom"]
[Black "Fisher Jr., Arthur"]
[Result "1/2-1/2"]
[WhiteElo "1610"]
[BlackElo "1594"]

1. e4 e5 2. Nf3 Nf6 3. Nxe5 d6 4. Nf3 Nxe4 5. d4 d5 6. Bd3 Nf6 7. O-O Bd6 
8. Re1+ Be7 9. Qe2 Nc6 10. Bg5 O-O 11. h3 Be6 12. c3 a6 13. Nbd2 h6 14. 
Bf4 Re8 15. a4 Rc8 16. b4 Nb8 17. Ne5 Nbd7 18. Qf3 Nxe5 19. dxe5 Nh7 20. 
Qg3 Bg5 21. Nf3 Bxf4 22. Qxf4 Ng5 23. Nxg5 Qxg5 24. Qxg5 hxg5 25. Re2 c5 
26. b5 c4 27. Bc2 g6 28. bxa6 bxa6 29. g4 a5 30. Kg2 Rb8 31. Bd1 Rb6 32. 
Kg3 Bd7 33. f4 gxf4+ 34. Kxf4 Rbe6 35. Bc2 Rb8 36. Bd1 Reb6 37. Rd2 Rb2 
38. Rxd5 Be6 39. Rxa5 Rb1 40. Rxb1 Rxb1 41. Bf3 Rc1 42. Bd5 Bxd5 43. Rxd5 
Rxc3 44. h4 Ra3 45. a5 c3 46. Rc5 c2 47. Rxc2 Rxa5 48. Re2 Ra6 49. h5 gxh5
50. gxh5 Re6 51. Rg2+ Kh7 52. Kf5 Rh6 53. Rg5 1/2-1/2

[Event "Summer Server Series, S02071"]
[Site "CCLA"]
[Date "2020.08.28"]
[Round "?"]
[White "Greco, Tom"]
[Black "Gunning, Edward E."]
[Result "1-0"]
[WhiteElo "1610"]
[BlackElo "1457"]

1. d4 d5 2. c4 e6 3. Nc3 dxc4 4. e4 g6 5. Bxc4 Bg7 6. Be3 Nc6 7. Nf3 Nge7 
8. O-O O-O 9. Qd2 f5 10. e5 Na5 11. Be2 b6 12. Ng5 h6 13. Nf3 g5 14. Qc2 
Bb7 15. Rfd1 f4 16. Bc1 g4 17. Nh4 f3 18. Bf1 a6 19. Ng6 Rf7 20. Nf4 Qd7 
21. Nh5 Nf5 22. Qd3 fxg2 23. Bxg2 Bxg2 24. Kxg2 Nh4+ 25. Kf1 Qc6 26. Ne4 
Rf3 27. Be3 b5 28. Nef6+ Bxf6 29. Nxf6+ Rxf6 30. exf6 Rf8 31. d5 Qd6 32. 
dxe6 Qxh2 33. f7+ Rxf7 34. exf7+ Kf8 35. Qd8+ Kxf7 36. Rd7+ Ke6 37. Qe7+ 
Kf5 38. Rd5+ Kg6 39. Qe6+ Kg7 40. Rd7+ 1-0

[Event "Summer Server Series, S02071"]
[Site "CCLA"]
[Date "2020.08.28"]
[Round "?"]
[White "Gunning, Edward E."]
[Black "Towery, Bryan"]
[Result "1-0"]
[WhiteElo "1457"]
[BlackElo "1601"]

1. e4 c5 2. Nc3 Nc6 3. Bb5 g6 4. Nf3 Bg7 5. O-O d6 6. Bxc6+ bxc6 7. d4 
cxd4 8. Nxd4 Bb7 9. Qd3 Nf6 10. Nf3 O-O 11. Nh4 a5 12. Qd1 a4 13. a3 c5 
14. Re1 e6 15. Nf3 c4 16. e5 Bxf3 17. Qxf3 dxe5 18. Ne4 Nd7 19. Rd1 Qc7 
20. Nd6 Nb6 21. c3 Nd5 22. Ne4 Rab8 23. Rb1 Rb3 24. Be3 Rb5 25. Qe2 Rfb8 
26. Qd2 f5 27. Ng5 Qe7 28. Nf3 f4 29. Bxf4 exf4 30. Qc2 Qb7 31. Qe4 Qf7 
32. Nd4 e5 33. Nxb5 Rxb5 34. Qxc4 Ra5 35. b4 axb3 36. Rxb3 Ne7 37. Rd8+ 
Bf8 38. Qxf7+ Kxf7 39. h3 Rd5 40. Rxd5 Nxd5 41. c4 Nf6 42. Kh2 Bc5 43. f3 
Kg7 44. a4 Kh6 45. a5 Ne8 46. a6 Nc7 47. a7 Na8 48. Rb8 Nc7 49. a8=Q Nxa8 
50. Rxa8 Kg5 51. Ra5 Bd6 52. c5 Bc7 53. Ra7 Bd8 54. c6 Bb6 55. c7 Bxc7 56.
 Rxc7 h5 57. g3 Kf5 58. g4+ Kg5 59. Rc5 Kf6 60. Kg2 hxg4 61. hxg4 1-0

[Event "Summer Server Series, S02071"]
[Site "CCLA"]
[Date "2020.08.28"]
[Round "?"]
[White "Gunning, Edward E."]
[Black "Fisher Jr., Arthur"]
[Result "0-1"]
[WhiteElo "1457"]
[BlackElo "1594"]

1. e4 e5 2. Nf3 Nc6 3. Bb5 Bc5 4. d4 Nxd4 5. Be3 Nxf3+ 6. Qxf3 Bxe3 7. 
Qxe3 Nf6 8. Nc3 O-O 9. O-O d6 10. f3 c6 11. Be2 Re8 12. b3 d5 13. exd5 
cxd5 14. Na4 Bd7 15. Nc5 Bc6 16. Rf2 Qb6 17. c3 Rad8 18. b4 d4 19. Qd3 
dxc3 20. Qxc3 Nd5 21. Qb3 Qxb4 22. Nd3 Qxb3 23. axb3 a6 24. Nc5 Nc3 25. h3
Nxe2+ 26. Rxe2 f6 27. Rc2 Rc8 28. Rac1 Kf7 29. Nxa6 bxa6 30. Rxc6 Rxc6 31.
 Rxc6 Rb8 32. Rxa6 Rxb3 33. Ra1 Rb2 34. Rf1 Kg6 35. f4 exf4 36. Rxf4 Rb5 
37. g4 h5 38. Kg2 hxg4 39. Rxg4+ Rg5 40. Kf3 Rxg4 41. hxg4 Kg5 42. Kg3 g6 
43. Kf3 Kh4 44. Kf4 g5+ 45. Kf5 Kg3 46. Kxf6 Kxg4 47. Kg6 Kh4 48. Kf5 g4 
0-1

[Event "Summer Server Series, S02071"]
[Site "CCLA"]
[Date "2020.08.28"]
[Round "?"]
[White "Gunning, Edward E."]
[Black "Greco, Tom"]
[Result "0-1"]
[WhiteElo "1457"]
[BlackElo "1610"]

1. e4 e5 2. Nf3 Nc6 3. Bb5 Nf6 4. O-O Nxe4 5. d3 Nd6 6. Bxc6 dxc6 7. Nxe5 
Be7 8. Nc3 O-O 9. Qh5 Nf5 10. Be3 g6 11. Qe2 Be6 12. Nf3 Bf6 13. Qd2 Qe7 
14. Na4 b6 15. c3 Rfd8 16. b3 Bd5 17. Qe2 b5 18. Nc5 Bxc3 19. Rac1 Bg7 20.
 Rc2 Re8 21. Re1 Qd8 22. Nb7 Qc8 23. Na5 Qd7 24. h3 Bxf3 25. Qxf3 Nd4 26. 
Qd1 Nxc2 27. Qxc2 Re6 28. Nb7 Qd5 29. Qd2 Bd4 30. Bxd4 Rxe1+ 31. Qxe1 Qxd4
32. Na5 Qxd3 33. Nxc6 Qd7 34. Qc1 Qd6 35. Qc3 a6 36. b4 Re8 37. g3 Qe6 38.
 Kg2 Qe4+ 39. Kh2 Qe2 40. Qf6 Re6 41. Qd8+ Kg7 42. Qd4+ Rf6 43. Kg2 Qf3+ 
44. Kg1 Qxc6 0-1

[Event "Summer Server Series, S02072"]
[Site "CCLA"]
[Date "2020.08.28"]
[Round "?"]
[White "Nurmi, Ronald"]
[Black "Wright, Jason"]
[Result "0-1"]
[WhiteElo "1487"]
[BlackElo "1606"]

1. d4 f5 2. Bg5 Nf6 3. Bxf6 exf6 4. e3 d5 5. Bd3 Bd6 6. Qf3 g6 7. Ne2 Be6 
8. Nbc3 Nc6 9. Nf4 Bxf4 10. Qxf4 Qd7 11. a3 O-O-O 12. O-O-O a6 13. Kb1 g5 
14. Qg3 h5 15. f4 h4 16. Qf2 Kb8 17. Na4 Qd6 18. Nc5 Bc8 19. h3 Rde8 20. 
Rde1 Na5 21. Qd2 Nc4 22. Qf2 Qb6 23. Nb3 Re7 24. Re2 a5 25. Bxc4 dxc4 26. 
Nc1 c3 27. b3 a4 28. Qe1 axb3 29. Nxb3 Qc6 30. Ka2 gxf4 31. exf4 Rg7 32. 
Rg1 Qc4 33. Re3 Rg3 34. Rxg3 hxg3 35. Qxg3 Be6 36. Re1 Rg8 37. Qf2 Bd5 38.
 g3 Qc6 39. Re3 Re8 40. Qe2 Re4 41. Rxe4 Bxe4 42. Nc5 Qd5+ 43. Kb1 Qxd4 
44. Nd3 Qb6+ 45. Kc1 Qa6 46. Kd1 Qxa3 47. Ke1 Qa6 48. Nc5 Qxe2+ 49. Kxe2 
Kc8 50. Na4 Bxc2 51. Nxc3 Bb3 52. Nb5 Bc4+ 0-1

[Event "Summer Server Series, S02072"]
[Site "CCLA"]
[Date "2020.08.28"]
[Round "?"]
[White "Nurmi, Ronald"]
[Black "Ishler, Mark P."]
[Result "0-1"]
[WhiteElo "1487"]
[BlackElo "1542"]

1. d4 Nf6 2. Bg5 d5 3. e3 c5 4. Bxf6 exf6 5. Nc3 Be6 6. dxc5 Bxc5 7. Qh5 
O-O 8. Bd3 g6 9. Qf3 Nc6 10. a3 Ne5 11. Qe2 Bg4 12. f3 Be6 13. O-O-O Qa5 
14. Kd2 d4 15. exd4 Bxd4 16. Ra1 Bxc3+ 17. bxc3 Rac8 18. Nh3 Bxh3 19. gxh3
Nxd3 0-1